000 00362 a2200145 4500
005 20250627071543.0
020 _a0-07-092240-3
082 _a339McC
100 _aMcConnel
245 _aStudy Guide for Use with Macroeconomics
250 _a3rd Ed.
260 _aNew York,
_bMcGraw Hill,
_c2005.
300 _a216p.; ill.; figure, table
_c25cm.
942 _2ddc
_cBKS
999 _c5519
_d5519